000 00732nam a2200217 i 4500
001 bg
245 0 0 _aZbiór zadań z ruchu ciepła :
_bpraca zbiorowa /
_cpod red. Jana Icieka ; [poszczeg. rozdz. oprac. J. Iciek et al.].
250 _aWyd. 2.
260 _aŁódź :
_bPŁ,
_c1993.
300 _a264 s. :
_brys., wykr. ;
_c21 cm.
490 1 _aSkrypty dla Szkół Wyższych / Politechnika Łódzka
650 9 _aTermodynamika techniczna
655 _aĆwiczenia i zadania
700 1 _aIciek, Jan Andrzej
_d(1940- ).
_eRed.
830 0 _aSkrypty dla Szkół Wyższych (Politechnika Łódzka)
040 _cBPK
041 0 _apl
080 _a621.1.01(075.8)(076)
942 _cKS
008 s pl f |000 0 pol
999 _c24529
_d24529
856 _uhttp://koha.tu.koszalin.pl/cgi-bin/koha/opac-detail.pl?biblionumber=24529
_yKatalog online BPK